| 000 | 00875nam a2200253 a 4500 | ||
|---|---|---|---|
| 001 | BRL_645 | ||
| 005 | 20190320210832.0 | ||
| 008 | 170913s1973----mx-aob####---#000-0#spa-# | ||
| 041 | _aspaengfre | ||
| 044 | _amx | ||
| 050 | 4 |
_aG155.M6 _b.M49 1973 |
|
| 245 | 1 | 0 |
_aMéxico candidato a Sede de la Organización Mundial de turismo _ctexto Tomás Doreste. |
| 260 |
_aMéxico _bDepartamento de Turismo del Gobierno de México _c1973 |
||
| 300 |
_a96 p. _bil. (algunas a color) _c29 cm. |
||
| 500 | _aAu696 | ||
| 546 | _aTexto en : español, inglés y francés | ||
| 650 | 1 | 4 |
_aTurismo _zMéxico _924508 |
| 651 | 4 |
_aMéxico _xTurismo _924509 |
|
| 700 | 1 |
_aDoreste, Tomás _924510 |
|
| 740 | 0 | _aMexico as candidate for the seat of the World Tourism Organization | |
| 740 | 0 | _aMexico candidate au siege de l´organisation mondiale du tourisme | |
| 902 | _aGRL | ||
| 942 |
_2lcc _cB |
||
| 999 |
_c9457 _d9457 |
||